Ad Tritissimam In Fidei Controversiis Quaestionem Ubi Dcriptum Est? Catholicorum Vera, Non Tamen Debita; Acatholicorum Obtrusa, Sed Frivola Responsio, A quodam Societatis Jesu Sacerdote collecta, Saepius alibi, nunc denno recusa

Bibliographic Details
Main Author: Nennichen, Matthias, 1590-1656 (Author)
Corporate Author: Akademická tlačiareň (Košice, Slovensko) (Printer)
Format: Book
Language:Latin
PhysicalDescription:[8], 150, [2] s. 11 cm
Published: Cassoviae Typis Academicis M. DCC. LVII. [=1757]
Subjects:

MARC

LEADER 00000nam a2200000 a 4500
001 vtls012128419
003 SK-MaSNL
005 20260301151048.0
008 220324s1757 xo 0 0n0 lat
015 |a SNBHFA 
040 |a SNKHF  |b slo  |c SNK  |e AACR2 
041 0 |a lat 
044 |a xo  |c SK 
072 7 |a 2-1  |x Prirodzená teológia. Náboženská filozofia  |2 konspekt 
080 |a 2-1  |2 2011 
080 |a (049.2)  |2 2011 
100 1 |a Nennichen, Matthias,  |d 1590-1656  |4 aut  |9 299937 
245 1 0 |a Ad Tritissimam In Fidei Controversiis Quaestionem Ubi Dcriptum Est?  |b Catholicorum Vera, Non Tamen Debita; Acatholicorum Obtrusa, Sed Frivola Responsio, A quodam Societatis Jesu Sacerdote collecta, Saepius alibi, nunc denno recusa 
260 |a Cassoviae  |b Typis Academicis  |c M. DCC. LVII. [=1757] 
300 |a [8], 150, [2] s.  |c 11 cm 
500 |a Titulná strana s vinetou. Ozdobná linka. Vineta. Typografické ozdoby. Zložky. Kustody 
501 |a Prív. 1. KÉRI, Valentin - WALTER, Paulus. Assertiones Theologicae. Cassoviae : Typis Academicis Soc. Jesu, 1758.  |5 SNK SE 2584 
504 |a Živé záhlavie. Úvod 
508 |a Autor podľa Petrika 
510 4 |a Petrik  |c V/343 
610 2 7 |a Rímskokatolícka cirkev  |2 SNKKA  |9 32394 
650 0 7 |a teológia  |2 SNKPH  |9 1814 
655 7 |a polemiky  |2 SNKPH  |9 22317 
710 2 |a Akademická tlačiareň (Košice, Slovensko)  |4 prt  |9 218171 
752 |a Slovensko  |d Košice 
852 |a snk  |p SE 2584 
958 |a DD 
958 |a ONDV 
999 |c 785437  |d 787367 
952 |a SNK  |b SNK  |y PREZ  |7 0  |p 17A0099611  |o snkSE 2584  |i snkKSF 1960/58  |8 5  |0 0  |1 0  |4 0  |d 2022-03-24  |l 0  |r 2026-02-24 01:18:24  |w 2026-02-24 
952 |a SNK  |b SNK  |y PREZ  |7 0  |p 17A1189790  |o snkSE 2584 D1  |i snkKSF 1029/59  |8 5  |0 0  |1 0  |4 0  |d 2022-03-24  |l 0  |r 2026-02-24 01:18:24  |w 2026-02-24 
952 |a SNK  |b SNK  |y PREZ  |7 0  |p 17A1126030  |o snkSE 2584 D2  |i snkF 2018/5795  |8 5  |0 0  |1 0  |4 0  |d 2022-03-24  |l 0  |r 2026-02-24 01:18:24  |w 2026-02-24